alphabet en 15 secondes - Statistiques

Statistiques générales
  • Ce quiz a été pris 4 694 fois
  • Le résultat moyen est 23 sur 26
Statistiques - réponses
Hint16 Réponse % Correct
1 a
99%
5 e
98%
2 b
95%
3 c
95%
4 d
95%
6 f
94%
9 i
93%
7 g
92%
8 h
92%
10 j
91%
11 k
90%
12 l
90%
15 o
90%
13 m
89%
16 p
88%
18 r
88%
14 n
85%
17 q
85%
20 t
85%
19 s
84%
21 u
83%
22 v
78%
23 w
76%
25 y
76%
26 z
76%
24 x
74%
Aucun quiz correspondant
Distribution des résultats
% des personnes avec chaque résultat
Percentile par nombre de réponses
Votre historique - résultats
Vous n’avez pas pris ce quiz